中国的同名地名 - Statistics

General Stats
  • This quiz has been taken 98 times
  • The average score is 28 of 122
Answer Stats
Answer % Correct
城区(阳泉市、晋城市、汕尾市)
66%
滨海新区(天津市)/滨海县(盐城市)
64%
郊区(阳泉市、佳木斯市、铜陵市)
64%
吉林省/吉林市
55%
海南省/海南藏族自治州/海南区(乌海市)
55%
朝阳市/朝阳县/朝阳区(北京市)
55%
鼓楼区(南京市、徐州市、福州市、开封市)
51%
长沙市/长沙县
49%
井陉矿区/井陉县(石家庄市)
49%
铁西区(沈阳市、鞍山市、四平市)
45%
南昌市/南昌县
42%
南山区(鹤岗市、深圳市)
40%
市中区(济南市、枣庄市、内江市、乐山市)
39%
西湖区(杭州市、南昌市)
38%
西安市/西安区(辽源市、牡丹江市)
36%
铁东区(鞍山市、四平市)
36%
普陀区(上海市、舟山市)
36%
江北区(宁波市、重庆市)
36%
城关区(拉萨市、兰州市)
36%
河南省/河南蒙古族自治县(黄南州)
35%
和平区(天津市、沈阳市)/和平县(河源市)
35%
河北省/河北区(天津市)
34%
淮安市/淮安区
34%
大理白族自治州/大理市
34%
塔城地区/塔城市
34%
阿克苏地区/阿克苏市
34%
喀什地区/喀什市
34%
和田地区/和田市/和田县
34%
通州区(北京市、南通市)
34%
河东区(天津市、临沂市)
34%
长安区(石家庄市、西安市)
34%
新城区(呼和浩特市、西安市)
34%
辽阳市/辽阳县
31%
阿勒泰地区/阿勒泰市
31%
本溪市/本溪满族自治县
30%
阜新市/阜新蒙古族自治县
30%
楚雄彝族自治州/楚雄市
30%
桥西区(石家庄市、张家口市)
30%
抚顺市/抚顺县
29%
文山壮族苗族自治州/文山市
29%
乌鲁木齐市/乌鲁木齐县
29%
衡阳市/衡阳县
27%
红河哈尼族彝族自治州/红河县
27%
中山市/中山区(大连市)
27%
青山区(包头市、武汉市)
27%
宝山区(双鸭山市、上海市)
27%
白云区(广州市、贵阳市)
27%
南沙区(广州市、三沙市)
27%
岳阳市/岳阳县
26%
阿坝藏族羌族自治州/阿坝县
26%
甘孜藏族自治州/甘孜县
26%
龙华区(深圳市)/龙华区(海口市)
26%
城中区(柳州市、西宁市)
26%
邵阳市/邵阳县
25%
玉树藏族自治州/玉树市
25%
昌吉回族自治州/昌吉市
25%
克拉玛依市/克拉玛依区
25%
新华区(石家庄市、沧州市、平顶山市)
25%
恩施土家族苗族自治州/恩施市
23%
湘潭市/湘潭县
23%
临夏回族自治州/临夏市/临夏县
23%
铁岭市/铁岭县
22%
东营市/东营区
22%
龙港区(葫芦岛市)/龙港市(温州市)
22%
通化市/通化县
21%
东安区(牡丹江市)/东安县(永州市)
21%
向阳区(佳木斯市、鹤岗市)
21%
东山区(鹤岗市)/东山县(漳州市)
21%
黄山市/黄山区
19%
安阳市/安阳县
19%
海州区(阜新市、连云港市)
19%
承德市/承德县
18%
荆州市/荆州区
17%
白银市/白银区
17%
资阳市/资阳区(益阳市)
17%
新乡市/新乡县
16%
广安市/广安区
16%
大同市/大同区(大庆市)
16%
甘南藏族自治州/甘南县(齐齐哈尔市)
16%
东港市(丹东市)/东港区(日照市)
16%
栖霞区(南京市)/栖霞市(烟台市)
16%
安宁市(昆明市)/安宁区(兰州市)
16%
吉安市/吉安县
14%
濮阳市/濮阳县
14%
新北市/新北区(常州市)
14%
长宁区(上海市)/长宁县(宜宾市)
14%
新竹市/新竹县(台湾省)
14%
兴安盟/兴安区(鹤岗市)/兴安县(桂林市)
13%
大安市(白城市)/大安区(自贡市)
13%
连山区(葫芦岛市)/连山壮族瑶族自治县(清远市)
12%
梨树县(四平市)/梨树区(鸡西市)
12%
河口区(东营市)/河口瑶族自治县(红河州)
12%
伊宁市/伊宁县(伊犁州)
12%
嘉义市/嘉义县(台湾省)
12%
大通区(淮南市)/大通回族土族自治县(西宁市)
10%
宽城满族自治县(承德市)/宽城区(长春市)
9%
太和区(锦州市)/太和县(阜阳市)
9%
龙山区(辽源市)/龙山县(湘西州)
9%
云龙区(徐州市)/云龙县(大理州)
9%
永定区(龙岩市、张家界市)
9%
山阳区(焦作市)/山阳县(商洛市)
9%
开平区(唐山市)/开平市(江门市)
8%
清河县(邢台市)/清河区(铁岭市)
8%
昌邑区(吉林市)/昌邑市(潍坊市)
8%
兴山区(鹤岗市)/兴山县(宜昌市)
8%
襄城县(许昌市)/襄城区(襄阳市)
8%
江城区(阳江市)/江城哈尼族彝族自治县(普洱市)
8%
平山县(石家庄市)/平山区(本溪市)
6%
海城市(鞍山市)/海城区(北海市)
6%
鹤山区(鹤壁市)/鹤山市(江门市)
6%
兴宁市(梅州市)/兴宁区(南宁市)
6%
金川县(阿坝州)/金川区(金昌市)
6%
台江区(福州市)/台江县(黔东南州)
5%
金平区(汕头市)/金平苗族瑶族傣族自治县(红河州)
5%
东兴市(防城港市)/东兴区(内江市)
5%
象山县(宁波市)/象山区(桂林市)
4%
五华县(梅州市)/五华区(昆明市)
4%
钟山县(贺州市)/钟山区(六盘水市)
4%
新兴区(七台河市)/新兴县(云浮市)
3%
华容区(鄂州市)/华容县(岳阳市)
3%
沙湾区(乐山市)/沙湾市(塔城地区)
3%
昌江区(景德镇市)/昌江黎族自治县(海南省)
1%
No matching quizzes found
Score Distribution
Percent of People with Each Score
Percentile by Number Answered
Your Score History
You have not taken this quiz